Protikorupčný manuál

Bibliographic Details
Main Authors: Nechala, Pavel, 1978- (Author), Bukvišová Zuzana (Author), Mjartan, Ivan, 1959-2018 (Author), Šumichrast, Igor (Author)
Format: Book
Language:Slovak
PhysicalDescription:49 s. tab., grafy, obr. 18 cm
Published: [Prešov Adin [2010]
ISBN:9788089244522
Edition:[1. vyd.]
Subjects:

MARC

LEADER 00000nam a2200000 a 4500
001 vtls010277317
003 SK-MaSNL
005 20260302011739.0
008 180809s2010 xo f 000 0 slo
015 |a SNBA2011/07-03604 
020 |a 9788089244522  |q (brož.) 
035 |a B0117288-04FB-48B4-97CC-CA5CD8355608 
035 |a urn:nbn:sk:snk-amkba2 
035 |a urn:nbn:sk:snk-am008jnu 
040 |a SNK  |b slo  |c SNK  |e AACR2 
041 0 |a slo 
044 |a xo  |c SK 
072 7 |a 343  |x Trestné právo  |2 konspekt 
080 |a 343.851:343.35  |2 2001 
080 |a (035)  |2 2001 
245 0 0 |a Protikorupčný manuál  |c Pavel Nechala ... [a kol.] 
250 |a [1. vyd.] 
260 |a [Prešov  |b Adin  |c [2010] 
300 |a 49 s.  |b tab., grafy, obr.  |c 18 cm 
500 |a Vydavateľské údaje podľa ISBN 
504 |a Bibliogr. s. 38 
650 0 7 |a boj proti korupcii  |2 SNKPH  |9 1700 
650 0 7 |a Corruption control  |2 SNKPHeng  |9 329917 
655 7 |a príručky  |2 SNKPH  |9 74364 
655 7 |a Handbooks, manuals, etc.  |2 SNKPHeng  |9 90964 
700 1 |a Nechala, Pavel,  |d 1978-  |4 aut  |9 166772 
700 1 |a Bukvišová Zuzana  |4 aut  |9 652634 
700 1 |a Mjartan, Ivan,  |d 1959-2018  |4 aut  |9 178019 
700 1 |a Šumichrast, Igor  |4 aut  |9 652635 
852 |a Štátna vedecká knižnica v Banskej Bystrici 
919 |a 978-80-89244-52-2 
958 |a NB 
958 |a OND 
968 |d 34 
999 |c 1007262  |d 1009192 
952 |a SNK  |b SNK  |y PREZ  |7 0  |p 17A0702117  |o snkSC 145335  |i snk2011/10632  |8 0  |0 0  |1 0  |4 0  |d 2011-05-10  |f 1  |l 0  |r 2025-07-14 00:00:00  |w 2026-02-24